00529nam a22001817a 450000500170000001000160001702000260003303500140005903700090007308200060008210000220008824500710011025000060018126000570018727000580024430000220030265000230032420241213112854.0 aENG-1422989 a9788197775772c150.00 aEN-126521 bDBAD aS aCaravella, Miriam aStories From the Heart/cBy Miriam Caravella [and] Wayne Caravella a1 aNew DelhibScience of the Soul Research Centerc2024 b New Delhie110005a5 Guru Ravi Dass Marg, Pusa Road, a215p. c21cm.(Pb) aVegetarian cookery